Cable TV Show Characters (FX, TNT, etc.) Quiz Stats

 Plays Quiz not verified by Sporcle

Challenge
Share
Tweet
Embed
Score 0/46 Timer 08:00
0 Plays Today
Actor/Actress Character % Correct
Tony ShalhoubAdrian Monk
65.2%
Rob McElhenneyMac
46.4%
Kaitlin OlsonDee Reynolds
34.8%
Danny DeVitoFrank Reynolds
33.3%
Bryan CranstonWalter White
33.3%
Jon HammDon Draper
31.9%
January JonesBetty Draper
30.4%
Glenn HowertonDennis Reynolds
29%
Charlie DayCharlie Kelly
26.1%
Anna GunnSkyler White
26.1%
Jada Pinkett SmithChristina Hawthorne
26.1%
Elisabeth MossPeggy Olson
24.6%
Aaron PaulJesse Pinkman
23.2%
Charlie HunnamJackson Teller
21.7%
Dule HillBurton Guster
21.7%
Timothy OlyphantRaylan Givens
18.8%
John SlatteryRoger Sterling
18.8%
Walton GogginsBoyd Crowder
17.4%
Michael ChiklisVic Mackey
17.4%
James RodayShawn Spencer
17.4%
Ron PerlmanClarence Morrow
14.5%
Vincent KartheiserPete Campbell
14.5%
Katey SegalGemma Morrow
13%
Actor/Actress Character % Correct
Bob OdenkirkSaul Goodman
13%
Bruce CampbellSam Axe
13%
Matthew BomerNeal Caffrey
13%
Dylan WalshSean McNamara
11.6%
Denis LearyTommy Gavin
11.6%
Julian McMahonChristian Troy
10.1%
Kyra SedgwickBrenda Johnson
10.1%
Jeffrey DonovanMichael Westen
10.1%
Mary Elizabeth EllisThe Waitress
8.7%
Christina HendricksJoan Holloway
8.7%
Mark FeuersteinHank Lawson
8.7%
David HornsbyRickety Cricket
7.2%
Glenn ClosePatty Hewes
5.8%
Ray RomanoJoe Tranelli
5.8%
Timothy HuttonNathan Ford
5.8%
Scott BakulaTerry Elliot
5.8%
Ben McKenzieBen Sherman
5.8%
Andre BraugherOwen Thoreau
2.9%
Regina KingLydia Adams
2.9%
Mary McCormack Mary Shannon
2.9%
Rose ByrneEllen Parsons
1.4%
John ScurtiKenny Shea
1.4%
Michael J. FoxDwight
1.4%

You're not logged in!

Compare scores with friends on all Sporcle quizzes.
OR
Log In

You Might Also Like...

Show Comments

Extras

Top Quizzes Today


Score Distribution

Your Account Isn't Verified!

In order to create a playlist on Sporcle, you need to verify the email address you used during registration. Go to your Sporcle Settings to finish the process.

Report this User

Report this user for behavior that violates our Community Guidelines.

Details: